| 000 | 01355cam a22003617a 4500 | ||
|---|---|---|---|
| 003 | CHAP | ||
| 005 | 20220329140434.0 | ||
| 008 | 971013s1941 r 00010 d | ||
| 010 | _a51959 | ||
| 011 | _a52931 | ||
| 035 | _a57081 | ||
| 040 | _cCHAP | ||
| 082 |
_a338.17358 _bF47 |
||
| 100 | 0 | 0 |
_aFernández y Fernández, Ramón. _940322 |
| 245 | 1 | 3 | _aEl autoabastecimiento nacional de copra |
| 260 |
_aMéxico : _b(Banco Nacional de Crédito Agrícola), _c1941 |
||
| 300 | _a24 p. | ||
| 500 | _aEdición en mimeógrafo | ||
| 590 |
_aBATCH-UPD _b10 _c20130110 _lUCH01 _h1828 |
||
| 590 |
_aBATCH-UPD _b10 _c20130410 _lUCH01 _h1200 |
||
| 590 |
_aBATCH-UPD _b10 _c20130914 _lUCH01 _h1050 |
||
| 590 |
_aCONVERSION _b10 _c20130109 _lUCH01 _h1328 |
||
| 650 | 1 | 4 |
_aAgricultura _xAspectos economicos _zMexico. _91312 |
| 650 | 1 | 4 |
_aCopra _xCostos de producción. _927900 |
| 901 | _aBK | ||
| 942 | _cLIBRO | ||
| 949 |
_a338.17358 F47 _bBC _cLIBRO _d-124332 _eLIBRO _h5735 _i57081 _si |
||
| 949 |
_a338.17358 F47 _bBC _cLIBRO _d-124333 _eLIBRO _fc.2 _h5736 _i57081 _si |
||
| 949 |
_a338.17358 F47 _bBC _cLIBRO _d-124334 _eLIBRO _fc.3 _h5737 _i57081 _si |
||
| 949 |
_a338.17358 F47 _bBC _cLIBRO _d-124336 _eLIBRO _fc.4 _h5738 _i57081 _si |
||
| 949 |
_a338.17358 F47 _bBC _cLIBRO _d-124338 _eLIBRO _fc.5 _h39953 _i57081 _si |
||
| 949 |
_a338.17358 F47 _bBC _cLIBRO _d-124339 _eLIBRO _fc.6 _h41407 _i57081 _si |
||
| 999 |
_c51959 _d51959 |
||